01373cam a22003974i 4500003000900000005001700009008004100026020001500067035002700082040003300109082001900142110002500161245006800186264005300254300005500307336002100362337002500383338002300408490003400431505036500465526001000830526001000840526000900850526000900859526000900868526000900877526000900886526000900895526000900904526000800913526000800921526000800929526000800937526000800945650002200953PE-LiUPU20250731165649.0150616s r 000 0 d a0521070511 a(Sirsi) i9780521070515 aPE-LiUPUbspacPE-LiUPUerda04a909.008bC2212 aCambridge University10aProlegomena and Prehistory.n1:1 /cCambridge University Press. 1aCambridge :bCambridge Unniversity Press,c1990. a803 páginas :bilustraciones ;c24 centímetros atext2rdacontent aunmediated2rdamedia avolume2rdacarrier0 aThe Cambridge Ancient History0 aThe geological ages.- Physical conditions in eastern Europe, western Asia and Egypt before the period of agricultural and urban settlement.- Primative man in Egypt, western Asia and Europe in palaeolithic times.- In mesolithic times.- The evidence of language.- The earlies populations of man in Europe, western Asia and northern Africa.- Chronology.- Etc..... aSEG44 aSEG26 aP151 aP150 aP149 aP146 aP145 aP126 aP125 aP92 aP75 aP74 aP27 aP1504aHistoria antigua.